| 000 | 00805nam a22002777a 4500 | ||
|---|---|---|---|
| 008 | 130410b1978 hk |||gr||||#0|||1|eng | | ||
| 040 |
_aTR-BiSEU _btur _cTR-BiSEU _erda |
||
| 001 | 0039940 | ||
| 003 | KOHA_MİRAKIL | ||
| 005 | 20260207003146.0 | ||
| 007 | ta | ||
| 020 | _a0435287559 | ||
| 041 | 0 | _aeng | |
| 044 | _chk | ||
| 050 |
_aPE1130 _b.B43 1978 |
||
| 100 | 1 | _aBeardwood, Lynette. | |
| 245 | 1 | 2 |
_aA first course in technical English: Student'sbook 1/ _cLynette Beardwood ; Lynette Beardwood, Hugh Templeton, Martin Webber. |
| 264 | 1 |
_aHong Kong : _bHeinmann _c1978 |
|
| 300 | _a140 p. ;20 cm. | ||
| 336 |
_ametin _btxt _2rdacontent |
||
| 337 |
_aaracısız _bn _2rdamedia |
||
| 338 |
_acilt _bnc _2rdacarrier |
||
| 650 | 0 |
_aTechnical English. _953625 |
|
| 907 | _aDil | ||
| 942 |
_2lcc _cBK |
||
| 999 |
_c39816 _d39816 |
||